000 01130nam a22003257a 4500
003 CHAP
005 20220329143531.0
008 100415s2004 fr r 00010 eng d
010 _a98139
011 _a99111
020 _a9264006427
035 _a109796
040 _cCHAP
082 0 4 _a371.09481
_bOc19
110 2 _aOrganización para la Cooperación y el Desarrollo Económicos. París
_983559
245 1 0 _aReviews of national policies for educacion :
_blifelong learning in norway
_c/by Organización para la Cooperación y el Desarrollo Económicos
260 _aParis :
_bOECD,
_c2002
300 _a228 p. :
_bcuadros, gráfs.
590 _aBATCH-UPD
_b10
_c20130110
_lUCH01
_h1248
590 _aBATCH-UPD
_b10
_c20130410
_lUCH01
_h0811
590 _aBATCH-UPD
_b10
_c20130914
_lUCH01
_h1239
590 _aCONVERSION
_b10
_c20130109
_lUCH01
_h1354
650 1 4 _aEducación y Estado.
_935689
650 1 4 _aEducación
_zNoruega.
_935486
650 1 4 _aPolítica educativa.
_990539
901 _aBK
911 _aen proceso
942 _cLIBRO
949 _a371.09481 Oc19
_bBC
_cLIBRO
_d33724002124842
_eLIBRO
_h112278
_i109796
_sb
999 _c98139
_d98139